| 000 | 00718nam a2200241Ia 4500 | ||
|---|---|---|---|
| 003 | OSt | ||
| 005 | 20220121153247.0 | ||
| 008 | 210716s2013 xx 000 0 und d | ||
| 020 | _a9789352625925 | ||
| 040 | _cAIMIT LIBRARY | ||
| 041 | _aeng | ||
| 082 |
_a001.42 _23 _bSACJ |
||
| 100 |
_aSachdeva, J. K. _914269 |
||
| 245 |
_aBusiness research methodology / _cby J. K. Sachdeva. |
||
| 250 | _a[3rd. ed.] | ||
| 260 |
_aNew Delhi : _bHimalaya Publishing House , _c2018. |
||
| 300 | _a508p. ; 28 cm. | ||
| 650 |
_aResearch Methodology. _914270 |
||
| 650 |
_aQualitative Research. _914271 |
||
| 650 |
_aQuantitative Analysis. _914272 |
||
| 650 |
_aSampling Techniques. _914273 |
||
| 942 |
_2ddc _cBK _e3rd _k001.42 SACJ |
||
| 999 |
_c210477 _d210477 |
||